| 000 | 00811nam a22002532 4500 | ||
|---|---|---|---|
| 001 | 15168 | ||
| 003 | BD-RjUL | ||
| 005 | 20211208235749.0 | ||
| 008 | 140209t1950 stk 001 0 eng d | ||
| 035 | _a(BD-RjUL)15222 | ||
| 040 |
_aCLU _cCLU _dUKM _dEQO _dBD-RjUL _beng |
||
| 041 | _aeng | ||
| 082 | 0 | 4 |
_a657.47 _218 _bSCT 1950 |
| 090 |
_aHF5686.T8 _bS4 1950 |
||
| 100 | 1 |
_aScott, Charles Alexander, _d1902- _947196 |
|
| 245 | 1 | 0 |
_aTrust accountancy / _cby Charles A. Scott, assisted by Wm. Jardine Dobie. Foreword by William Annan. |
| 250 | _a2nd ed. rev. | ||
| 260 |
_aEdinburgh : _bOliver and Boyd, _c1950. |
||
| 300 |
_a166 p. ; _c24 cm. |
||
| 504 | _aincludes index. | ||
| 650 | 0 |
_aTrusts and trustees _xAccounting. _947197 |
|
| 650 | 0 |
_aExecutors and administrators _xAccounting. _947198 |
|
| 942 |
_2ddc _cBK |
||
| 999 |
_c15168 _d15168 |
||